| 000 | 01363nam a2200373 a 4500 | ||
|---|---|---|---|
| 001 | ebr10518742 | ||
| 003 | CaPaEBR | ||
| 006 | m u | ||
| 007 | cr cn||||||||| | ||
| 008 | 100317s2010 enkad sf 000 0 eng d | ||
| 010 | _z 2010010782 | ||
| 020 | _z9781405194501 | ||
| 020 | _z9781118294673 (e-book) | ||
| 040 |
_aCaPaEBR _cCaPaEBR |
||
| 035 | _a(OCoLC)773669863 | ||
| 050 | 1 | 4 |
_aRG110 _b.R37 2010eb |
| 082 | 0 | 4 |
_a618 _222 |
| 245 | 0 | 0 |
_aRapid obstetrics & gynaecology _h[electronic resource] / _cMisha Moore, Sarah-Jane Lam, Adam R. Kay. |
| 246 | 3 | _aRapid obstetrics and gynaecology | |
| 250 | _a2nd ed. | ||
| 260 |
_aChichester, West Sussex : _bBlackwell, _c2010. |
||
| 300 |
_axiii, 130 p. : _bill. (some col.). |
||
| 490 | 1 | _aRapid series | |
| 533 |
_aElectronic reproduction. _bPalo Alto, Calif. : _cebrary, _d2013. _nAvailable via World Wide Web. _nAccess may be limited to ebrary affiliated libraries. |
||
| 650 | 0 |
_aObstetrics _vHandbooks, manuals, etc. |
|
| 650 | 0 |
_aGynecology _vHandbooks, manuals, etc. |
|
| 655 | 7 |
_aElectronic books. _2local |
|
| 700 | 1 | _aMoore, Misha. | |
| 700 | 1 | _aLam, Sarah Jane. | |
| 700 | 1 | _aKay, Adam R. | |
| 710 | 2 | _aebrary, Inc. | |
| 830 | 0 | _aRapid series. | |
| 856 | 4 | 0 |
_uhttp://site.ebrary.com/lib/rucke/Doc?id=10518742 _zAn electronic book accessible through the World Wide Web; click to view |
| 999 |
_c236454 _d236454 |
||